UBT Library

NURSING CLINICS (Record no. 58899)

000 -LEADER
fixed length control field 00324nam a22001457a 4500
008 - FIXED-LENGTH DATA ELEMENTS--GENERAL INFORMATION
fixed length control field 221115b ||||| |||| 00| 0 eng d
020 ## - INTERNATIONAL STANDARD BOOK NUMBER
International Standard Book Number 9781416057765
041 ## - LANGUAGE CODE
Language code of text/sound track or separate title eng
080 ## - UNIVERSAL DECIMAL CLASSIFICATION NUMBER
Edition identifier VOLUME 43
Universal Decimal Classification number 610.73
082 ## - DEWEY DECIMAL CLASSIFICATION NUMBER
Classification number 610.73 PRE
100 ## - Rafti
Rafti 5
101 ## - Shkurtesa
Shkurtesa INF
245 ## - TITLE STATEMENT
Title NURSING CLINICS
Statement of responsibility, etc PREVOST S
942 ## - ADDED ENTRY ELEMENTS (KOHA)
Source of classification or shelving scheme
Item type Books
Holdings
Withdrawn status Lost status Source of classification or shelving scheme Damaged status Not for loan Collection code Permanent location Current location Date acquired Total Checkouts Full call number Barcode Date last seen Price effective from Koha item type
          Koleksioni i përgjithshem UBT - Lipjan UBT - Lipjan 11/15/2022   610.73 PRE 002-800028700260669 11/15/2022 11/15/2022 Books
UBT Library © 2015-2024. All rights reserved University Education for Business and Technology